Logo BPK

Biblioteka

Politechniki Koszalińskiej

Ochrona człowieka w procesie pracy w aspekcie problemów ergonomicznych : (Rekord nr 1233)

Szczegóły MARC
000 -ETYKIETA REKORDU
podpole kontrolne o stałej długości 00354nam a2200121 i 4500
001 - NUMER KONTROLNY REKORDU
pole kontrolne bg
040 ## - ŹRÓDŁO KATALOGOWANIA
Instytucja, która utworzyła rekord BPK
041 ## - KOD JĘZYKA
Kod języka tekstu pol
008 - POLE O STAŁEJ DŁUGOŚCI - DANE KONTROLNE
podpole kontrolne o stałej długości s pl f |000 0 pol
245 #0 - TYTUŁ/ODPOWIEDZIALNOŚĆ
Tytuł Ochrona człowieka w procesie pracy w aspekcie problemów ergonomicznych :
Ciąg dalszy tytułu materiały konferencyjne, Częstochowa 1981.
260 ## - STREFA ADRESU WYDAWNICZEGO
Miejsce wydania Częstochowa,
Data publikacji, dystrybucji/powstania dokumentu 1981.
856 ## - LOKALIZACJA I DOSTĘP DO ELEKTRONICZNYCH DOKUMENTÓW ZDALNYCH
Link (URL) http://koha.tu.koszalin.pl/cgi-bin/koha/opac-detail.pl?biblionumber=1233
Tekst linku Katalog online BPK
942 ## - DODATKOWE ELEMENTY (KOHA)
Typ dokumentu Książka
Egzemplarze
Wycofany Status egzemplarza Uszkodzony Dostępność Lokalizacja stała Lokalizacja bieżąca Miejsce przechowywania Sygnatura Kod kreskowy Typ dokumentu
      Dostępny Biblioteka Politechniki Koszalińskiej Biblioteka Politechniki Koszalińskiej Wypożyczalnia BG P 22890 01357981 Książka
© 2023 Biblioteka Politechniki Koszalińskiej :: KOHA